000 01527nam a2200409Ia 4500
001 ebr10061092
003 CaPaEBR
006 m u
007 cr cn|||||||||
008 830701s1983 enka sb 001 0 eng d
010 _z 83009194
020 _z020340775X
020 _z0422764000 :
020 _z0422764108 (pbk.) :
040 _aCaPaEBR
_cCaPaEBR
035 _a(OCoLC)646718396
050 1 4 _aHV9647
_b.B69 1983eb
082 0 4 _a364.1/0941
_219
100 1 _aBox, Steven.
245 1 0 _aPower, crime, and mystification
_h[electronic resource] /
_cSteven Box.
260 _aLondon ;
_aNew York :
_bTavistock Publications,
_c1983.
300 _axi, 257 p. :
_bill.
490 1 _aTavistock studies in sociology
500 _aIncludes indexes.
504 _aBibliography: p. [224]-246.
533 _aElectronic reproduction.
_bPalo Alto, Calif. :
_cebrary,
_d2009.
_nAvailable via World Wide Web.
_nAccess may be limited to ebrary affiliated libraries.
650 0 _aCorporations
_xCorrupt practices
_zGreat Britain.
650 0 _aPolice corruption
_zGreat Britain.
650 0 _aPolice
_xComplaints against
_zGreat Britain.
650 0 _aRape
_zGreat Britain.
650 0 _aPower (Social sciences)
650 0 _aFemale offenders
_zGreat Britain.
655 7 _aElectronic books.
_2local
710 2 _aebrary, Inc.
830 0 _aTavistock studies in sociology.
856 4 0 _uhttp://site.ebrary.com/lib/rucke/Doc?id=10061092
_zAn electronic book accessible through the World Wide Web; click to view
999 _c46674
_d46674